The theory and principles of education : (Record no. 2816)
[ view plain ]
| 000 -LEADER | |
|---|---|
| fixed length control field | 00693cam a2200229u 4500 |
| 001 - CONTROL NUMBER | |
| control field | 7507070 |
| 003 - CONTROL NUMBER IDENTIFIER | |
| control field | GBCCL |
| 005 - DATE AND TIME OF LATEST TRANSACTION | |
| control field | 20241126110440.0 |
| 008 - FIXED-LENGTH DATA ELEMENTS--GENERAL INFORMATION | |
| fixed length control field | 830616s1962 xx 000 0 eng |
| 010 ## - | |
| -- | sa 63000789 |
| 040 ## - CATALOGING SOURCE | |
| Original cataloging agency | DLC |
| Transcribing agency | CarP |
| Modifying agency | DLC |
| 050 00 - | |
| -- | LB775.G22 |
| -- | S55 1962 |
| 082 ## - DEWEY DECIMAL CLASSIFICATION NUMBER | |
| Classification number | 370.12 |
| Item number | AGG |
| 100 2# - MAIN ENTRY--PERSONAL NAME | |
| Personal name | Aggarwal, J.C. |
| 9 (RLIN) | 5924 |
| 245 14 - TITLE STATEMENT | |
| Title | The theory and principles of education : |
| Remainder of title | philosophical and sociological bases of education. |
| 250 ## - EDITION STATEMENT | |
| Edition statement | 9th rev ed. |
| 260 ## - PUBLICATION, DISTRIBUTION, ETC. | |
| Place of publication, distribution, etc. | New Delhi, |
| Name of publisher, distributor, etc. | Vikas publishing, |
| Date of publication, distribution, etc. | 1995. |
| 300 ## - PHYSICAL DESCRIPTION | |
| Extent | 430 p. |
| Dimensions | 18 cm. |
| 650 ## - SUBJECT ADDED ENTRY--TOPICAL TERM | |
| Topical term or geographic name entry element | Education |
| Form subdivision | theory and practical |
| 9 (RLIN) | 5925 |
| 906 ## - LOCAL DATA ELEMENT F, LDF (RLIN) | |
| a | 0 |
| b | cbc |
| c | premunv |
| d | u |
| e | ncip |
| f | 19 |
| g | y-gencatlg |
| 942 ## - ADDED ENTRY ELEMENTS (KOHA) | |
| Source of classification or shelving scheme | Dewey Decimal Classification |
| Koha item type | Books |
| Koha issues (borrowed), all copies | 3 |
| Withdrawn status | Lost status | Source of classification or shelving scheme | Damaged status | Not for loan | Home library | Current Library | Shelving location | Date acquired | Total checkouts | Full call number | Barcode | Date last seen | Date last checked out | Copy number | Price effective from | Koha item type |
|---|---|---|---|---|---|---|---|---|---|---|---|---|---|---|---|---|
| Dewey Decimal Classification | GRACE BIBLE COLLEGE | GRACE BIBLE COLLEGE | General Studies | 2017-09-21 | 4 | 370.12 AGG | 006204 | 2025-05-01 | 2025-02-28 | c.1 | 2017-09-21 | Books |